000 00270nam a22001217a 4500
082 _a920
_bPRE/M
100 _aPREMKUMAR, SUMAN
245 _aMADAN MOHAN MALAVIYA
260 _aBANGALORE
_bVASAN BOOK DEPOT
300 _a48
650 _aBIOGRAPHY
_zBANGALORE
942 _cBK
999 _c6142
_d6142